000 00652nam a2200181 a 4500
001 000017213
005 20200929165042.0
008 100319s1968 dr c 000 0 spa d
040 _aDO-SdBNP
_bspa
_cBNPHU
082 _axxx
_bO69P
245 0 0 _aOrientación pediátrica :
_bapuntes de puericultura y pediatria accesibles escritos por miembros de la sociedad dominicana de pediatria /
_cRecopilados por Emil Kasse Acta.
260 _aSanto Domingo :
_bColorama,
_c1968.
300 _a141 p. :
_bretr. ;
_c22 cm.
500 _aIncluye notas al pie de las páginas
504 _aBibliografía : 141
700 1 _aKasse Acta, Emil
_922279
049 _aBNPD
999 _c16738
_d16738